10 Words, 20 Definitions XIV Quiz Stats

 Plays Quiz Updated Aug 21, 2018

Score 0/20 Timer 02:00
5 Plays Today
% Correct
Cricket
90.9%
Mouse
90.8%
Turkey
89.5%
Bear
86.6%
Seal
86.3%
Seal
85.7%
Duck
85.1%
Slug
84.5%
Wolf
83.6%
Snake
78.6%
% Correct
Goose
76.9%
Snake
76.9%
Mouse
75.2%
Bear
75%
Goose
68.5%
Turkey
67.4%
Slug
59.7%
Wolf
59%
Duck
55.6%
Cricket
37.6%

You're not logged in!

Compare scores with friends on all Sporcle quizzes.
OR
Log In

Sporcle TV

Today on Sporcle TV


Watch our educational content, quiz creation guides, and fun videos on Sporcle TV.

Show Comments

Extras

Top Quizzes Today


Score Distribution

Your Account Isn't Verified!

In order to create a playlist on Sporcle, you need to verify the email address you used during registration. Go to your Sporcle Settings to finish the process.

Report this User

Report this user for behavior that violates our Community Guidelines.

Details: